000 006490000a22001930004500
999 _c54332
_d54332
001 768714001
003 CO-MdFUSB
005 20170823151229.0
008 170823s2002 xxu||||| |||| 00| 0 eng d
022 _a0120-3649
040 _aCO-MdFUSB
_bspa
_cCO-MdFUSB
_dCO-MdFUSB
041 _aeng
100 1 _aFeldman, Steven (1954- )
_eautor
245 1 0 _aReturn to Aroer :
_ba trip the ages with the Ageless Avraham Biran
300 _aVolumen 28. Número 1 (2002), Páginas 50-54
_c28 cm.
546 _aTexto en inglés
773 0 _tBiblical Archaeology Review
_049395
_959464
_gVolumen 28. Número 1 (2002), Páginas 50-54
_qPágina 50
942 _cANA